Les éléments chimiques liquides à température ambiante - Mort subite - Statistiques

Statistiques générales
  • Ce quiz a été pris 86 fois
  • Le résultat moyen est 3 sur 6
Answers on the Grid
Answers color-coded by a green-red scale on the quiz's grid according to % correct below.
Hg
Br
Fr
Cs
Ga
Rb
O
Fe
N
Al
S
He
C
F
P
U
 
Statistiques - réponses
Réponse % Correct
Hg
78%
Ga
65%
Br
57%
Cs
49%
Fr
46%
Rb
46%
Aucun quiz correspondant
Distribution des résultats
% des personnes avec chaque résultat
Percentile par nombre de réponses
Votre historique - résultats
Vous n’avez pas pris ce quiz